|
|
|
|
| LEADER |
00911nam a2200253 a 4500 |
| 001 |
8924914 |
| 008 |
091020m20051974enka b 000 0 eng d |
| 010 |
|
|
|a 64057146
|
| 020 |
|
|
|a 0195603753
|
| 020 |
|
|
|a 9780195648140
|
| 040 |
|
|
|a DLC
|c OClU
|d OCoLC
|d Uk
|d DLC
|
| 082 |
0 |
0 |
|a 348.97
|2 18
|
| 100 |
1 |
|
|a Fyzee, Asaf Ali Asghar,
|d 1899-1981.
|
| 245 |
1 |
0 |
|a Outlines of Muhammadan law,
|c by Asaf A.A. Fyzee.
|
| 250 |
|
|
|a 4th ed.
|
| 260 |
|
|
|a London:
|a New Delhi:
|b Oxford University Press,
|c c1974.
|
| 300 |
|
|
|a xix, 520 p.:
|b illus. ;
|c 22 cm.
|
| 504 |
|
|
|a Includes bibliographical references and index.
|
| 541 |
1 |
|
|e 00015251
|
| 650 |
|
0 |
|a Islamic law.
|
| 852 |
4 |
|
|a Ayesha Abed Library
|j General Shelf.
|
| 942 |
0 |
0 |
|0 1
|
| 999 |
|
|
|c 4740
|d 4740
|
| 952 |
|
|
|0 0
|1 0
|2 ddc
|4 0
|6 348_970000000000000_FYZ_1974
|7 0
|9 4551
|a BRACUL
|b BRACUL
|c GEN
|d 2009-10-21
|g 120.00
|l 9
|m 72
|o 348.97 FYZ
|p 3010015251
|r 2025-12-07
|s 2025-11-09
|t 1
|w 2009-10-21
|y BK
|